| 000 | 00901cad a22002055a 4500 | ||
|---|---|---|---|
| 001 | L155742 | ||
| 008 | 120413s20120404xxk f 000 0 eng d | ||
| 035 | _a(Sirsi) u155742 | ||
| 041 | 0 | _aeng | |
| 050 | 0 | 4 | _a333.33 $2 18 |
| 110 | 2 |
_aLloyds Banking Group _95822 |
|
| 245 | 0 | 0 |
_aHalifax house price index _bMarch 2012 _h[electronic resource] |
| 260 |
_aLondon _bLloyds Banking Group _c2012 |
||
| 520 | _aUK house prices increased by 2.2% in March 2012, a 0.6% decrease since March 2011. Efforts by first-time buyers to beat the expiry of the stamp duty holiday on 24 March 2012 helped to increased sales and may have helped to support prices. | ||
| 590 | _aKA | ||
| 651 | 4 |
_aUnited Kingdom _y |
|
| 690 |
_aResidential property _96266 |
||
| 856 | 4 | 0 |
_uhttps://www.lloydsbankinggroup.com/media/pdfs/halifax/2012/0404_HPI.pdf _zView this item free of charge at www.lloydsbankinggroup.com |
| 942 | _n0 | ||
| 999 |
_c113787 _d113787 |
||